Seals, Sea Lions, & Walruses - Statistics

General Stats
  • This quiz has been taken 104 times
  • The average score is 14 of 36
Answer Stats
Group Location Answer % Correct
Seal Antarctica, Argentina, Falkland Islands, South Africa, Subantarctic Islands, New Zealand, Australia Leopard Seal
76%
Walrus Arctic Walrus
72%
Seal Arctic Ocean Harp Seal
68%
Seal Lake Baikal Baikal Seal
67%
Seal Europe, North America Harbor Seal
60%
Seal North Atlantic (USA, Canada, Western Europe) Grey Seal
58%
Sea Lion United States, South Canada, North Mexico California Sea Lion
56%
Seal Arctic Ringed Seal
50%
Seal Caspian Sea Caspian Seal
47%
Seal Hawaii Hawaiian Monk Seal
47%
Seal United States, Canada Northern Elephant Seal
47%
Seal Antarctica Crabeater Seal
46%
Seal Antarctica, Subantarctic Islands, South Africa, New Zealand, Argentina, Falkland Islands Southern Elephant Seal
46%
Seal North Pacific (Canada, USA, Russia) Spotted Seal
46%
Seal Antarctica Weddell Seal
44%
Sea Lion Western Australia Australian Sea Lion
42%
Fur Seal Galapagos Islands Galapagos Fur Seal
40%
Sea Lion Galapagos Islands Galapagos Sea Lion
40%
Seal Eastern Mediterranean, Canary Islands, Mauritania Mediterranean Monk Seal
36%
Sea Lion New Zealand & New Zealand Subantarctic Islands New Zealand Sea Lion
36%
Fur Seal New Zealand, Australia New Zealand Fur Seal
32%
Seal Arctic Ribbon Seal
32%
Seal Arctic Ocean Hooded Seal
31%
Fur Seal North Pacific (United States, Canada, Russia, Japan) Northern Fur Seal
29%
Seal Arctic Ocean Bearded Seal
28%
extinct sea lion Japan, Korea Japanese Sea Lion
28%
Fur Seal Subantarctic Islands (such as South Georgia) and Antarctica Antarctic Fur Seal
26%
Sea Lion South America & Falklands South American Sea Lion
26%
Seal Antarctica Ross Seal
25%
Fur Seal South America South American Fur Seal
24%
Fur Seal Juan Fernandez Juan Fernandez Fur Seal
18%
extinct seal Carribean Sea Carribean Monk Seal
17%
Sea Lion North Pacific (United States, Canada, Russia, Japan) Stellar's Sea Lion
17%
Fur Seal South Africa, Namibia Cape Fur Seal
15%
Fur Seal Subantarctic Islands Subantarctic Fur Seal
10%
Fur Seal Islands near California Guadalupe Fur Seal
8%
No matching quizzes found
Score Distribution
Percent of People with Each Score
Percentile by Number Answered
Your Score History
You have not taken this quiz